000 00715nam a22002057a 4500
999 _c13594
_d13594
003 AR-CdUCM
008 190415b ||||| |||| 00| 0 spa d
040 _aMUNICIPALIDAD PROVINCIAL DEL CUSCO
_cBIBLIOTECA MUNICIPAL DEL CUSCO
082 _a980.51 /
_bV18
100 _aValcárcel , Luis E.
_9628
245 _aMirador indio /
260 _aCuzco :
_bE.Araujo,
300 _a124 paginas :
_c17 cm.
505 _aContenido :Mirador indio, 1a serie -- Geopolítica andina -- Los mitos solares -- Mirador indio, 2a serie -- Tierra y Agua ...
650 _aÉpoca Prehispánica
_92714
650 _aHistoria
_9136
650 _aVida y costumbres sociales
_9857
942 _2ddc
_cLIBROS
945 _arjall
_d2019-04-15